Easy Bible A-Z - Statistics

General Stats
  • This quiz has been taken 56 times
  • The average score is 20 of 24
Answer Stats
Hint Letter % Answer % Correct
What J died on C 94% Cross
98%
Most mentioned name in the Bible J 100% Jesus
96%
Mother of J M 100% Mary
96%
First woman E 93% Eve
94%
Where God lives H 98% Heaven
94%
The brother of Cain A 100% Abel
92%
Place where J was born B 96% Bethlehem
92%
Noah built the Ark in preparation for a _____ F 98% Flood
92%
First book of the Bible G 100% Genesis
92%
God gave Moses the ___ Commandments T 100% Ten
90%
Jesus' first miracle: Turning ____ into ____ (either one) W 100%/100% Water | Wine
90%
God is the alpha and... O 94% Omega
88%
Son of Abraham I 97% Isaac
87%
The ____ is my shepherd, I lack nothing L 94% LORD
85%
One of the Ten Commandments: You shall not take God's name in ____ V 100% Vain
85%
River which turned to blood N 91% Nile
83%
To be sorry for your sins and turn to Jesus R 93% Repent
75%
God's holy day, 7th of the week S 97% Sabbath
71%
Person who was thrown into the lion's den D 98% Daniel
69%
What Cain asked God: "Am I my brother's ______?" K 83% Keeper
63%
Stories and metaphors used by Jesus P 91% Parable
60%
The Israelites' holy mountain Z 92% Zion
60%
Place that Abraham was born U 100% Ur
56%
King of Persia at one point, mentioned in the Bible X 82% Xerxes
52%
No matching quizzes found
Score Distribution
Percent of People with Each Score
Percentile by Number Answered
Your Score History
You have not taken this quiz